| 000 | 00937nam a2200241 a 4500 | ||
|---|---|---|---|
| 005 | 20210223130529.0 | ||
| 008 | 080623s1983 mx r 000 0 spa d | ||
| 035 | _aUPN01000157365 | ||
| 049 | _aUNE | ||
| 080 | _a373.2 =40 PRA No.3. | ||
| 100 | 1 |
_aPrakasha, Veda _929876 |
|
| 245 | 1 | 0 |
_aApprentissage et croissance de la naissance à l'âge de 6 ans : ce que nous savons du tout jeune enfant / _cVeda Prakasha. |
| 260 |
_aParís : _bUNESCO ; _aNew York : _bUNICEF ; _aRome : _bPAM, _c1983. |
||
| 300 |
_a112 p. : _bretrs., fot. |
||
| 500 | _aNotes, Comments ... (L'Enfant, La Famille, La Communaute) ; III. | ||
| 690 | _aEducación preescolar - Educación de los padres | ||
| 690 | _aEducación de los padres - Instrucciones didácticas | ||
| 690 | _aNiños de edad preescolar - Educación de los padres | ||
| 710 | 2 |
_aUNICEF _924085 |
|
| 710 | 2 | _aUNESCO | |
| 710 | 2 |
_aWFP. _bPrograma de Alimentación Mundial. |
|
| 905 | _aUNESCO | ||
| 999 |
_c129479 _d129479 |
||